|
|
|
|
| LEADER |
00000cam a2200000 7i4500 |
| 001 |
0000001466 |
| 005 |
20151222.0 |
| 008 |
070705 |
| 020 |
|
|
|a 9831284186
|
| 090 |
0 |
0 |
|a JF
|b ENG
|
| 245 |
0 |
0 |
|a Third semester in Victoria High School
|
| 260 |
|
|
|a Kuala Lumpur :
|b Penerbitan Fargoes ,
|c 2005
|
| 440 |
|
|
|a School adventure series
|
| 500 |
|
|
|a Children ages 10-12 years old (pink)
|
| 650 |
|
0 |
|a Adventure
|
| 650 |
|
0 |
|a Junior fiction
|x English
|x Languages
|
| 999 |
|
|
|a 0000116513
|b Book
|c Children Collection
|e Cawangan Bukit Gambir
|
| 999 |
|
|
|a 0000953364
|b Book
|c Children Collection
|e Cawangan Tmn. Ungku Tun Aminah
|
| 999 |
|
|
|a 0000953365
|b Book
|c Children Collection
|e Cawangan Batu Pahat
|
| 999 |
|
|
|a 0000953366
|b Book
|c Children Collection
|e Cawangan Taman Universiti
|
| 999 |
|
|
|a 0000953367
|b Book
|c Children Collection
|e Cawangan Bandar Tenggara
|
| 999 |
|
|
|a 0000953368
|b Book
|c Children Collection
|e Cawangan Taman Universiti
|
| 999 |
|
|
|a 0000966895
|b Book
|c Teenagers
|e Cawangan Bandar Tenggara
|
| 999 |
|
|
|a 0000966896
|b Book
|c Children Collection
|e Cawangan Taman Universiti
|
| 999 |
|
|
|a 0000966899
|b Book
|c Children Collection
|e Cawangan Segamat
|
| 999 |
|
|
|a 0001165010
|b Book
|c Children Collection
|e Cawangan Taman Universiti
|
| 999 |
|
|
|a 0001165012
|b Book
|c Teenagers
|e Cawangan Bandar Tenggara
|
| 999 |
|
|
|a 0001165013
|b Book
|c Children Collection
|e Cawangan Bukit Gambir
|
| 999 |
|
|
|a 0001165014
|b Book
|c Children Collection
|e Cawangan Mersing
|
| 999 |
|
|
|a 0001165016
|b Book
|c Children Collection
|e Cawangan Bandar Penawar
|
| 999 |
|
|
|a 0001165020
|b Book
|c Children Collection
|e Cawangan Segamat
|
| 999 |
|
|
|a 0001165021
|b Book
|c Children Collection
|e Cawangan Pontian
|